|
|
|
|
| LEADER |
00000nab a2200000 4500 |
| 001 |
vtls011913906 |
| 003 |
SK-MaSNL |
| 005 |
20260318140449.0 |
| 008 |
200128|2020 xo |||| || ||00 0|hun |
| 015 |
|
|
|a SNBRB2020/01
|
| 040 |
|
|
|a DSZK
|b slo
|c DSZK
|e rda
|
| 041 |
|
|
|a hun
|
| 043 |
|
|
|a e-xo---
|
| 044 |
|
|
|a xo
|c SK
|
| 072 |
|
7 |
|a 373.5/.6
|x Stredné školy
|2 konspekt
|
| 072 |
|
7 |
|a 316.7
|x Sociológia kultúry. Kultúrny život
|2 konspekt
|
| 080 |
|
|
|a 373.55:711.3
|x (=511.141)
|x (437.612)
|2 2011
|
| 080 |
|
|
|a 373.5:796/799
|x (=511.141)
|x (437.612)
|2 2011
|
| 080 |
|
|
|a 316.7
|x (=511.141)
|x (437.6)
|2 2011
|
| 100 |
1 |
|
|a Kis, Lívia
|4 aut
|9 1086353
|
| 245 |
1 |
0 |
|a Rendhagyó ünneplés
|c Kis Lívia
|
| 300 |
|
|
|b Fotografie
|
| 336 |
|
|
|a text
|b txt
|2 rdacontent
|
| 337 |
|
|
|a bez média
|b n
|2 rdamedia
|
| 338 |
|
|
|a zväzok
|b nc
|2 rdacarrier
|
| 546 |
|
|
|a Dvojjazyčné vydanie
|
| 610 |
2 |
7 |
|a Stredná odborná škola rozvoja vidieka s vyučovacím jazykom maďarským (Dunajská Streda, Slovensko)
|2 dszk
|9 1038612
|
| 610 |
2 |
7 |
|a Športové gymnázium s vyučovacím jazykom maďarským (Dunajská Streda, Slovensko)
|2 dszk
|9 1039309
|
| 611 |
2 |
7 |
|a Deň maďarskej kultúry
|d (2020 :
|c Dunajská Streda, Slovensko)
|2 dszk
|9 1108825
|
| 650 |
0 |
7 |
|a kultúrne podujatia
|2 SNKPH
|9 71676
|
| 651 |
|
7 |
|a Dunajská Streda (Slovensko)
|2 SNKPHgeo
|9 17375
|
| 773 |
0 |
|
|t Csallóköz
|g Évf. 60, sz. 5 (2020), o. 31
|x 1336-3638
|
| 852 |
|
|
|a DSZK
|b KIS3GCP
|
| 958 |
|
|
|a SK
|
| 958 |
|
|
|a HU
|
| 958 |
|
|
|a RG
|
| 999 |
|
|
|c 1833025
|d 1834955
|